| 000 | 00843cam a22002653a 4500 | ||
|---|---|---|---|
| 001 | 28434 | ||
| 003 | PGUSA | ||
| 005 | 20140828083620.0 | ||
| 008 | 090329s2009||||xxu|||||s|||||000 p eng d | ||
| 040 |
_aPGUSA _beng |
||
| 042 | _adc | ||
| 050 | 4 | _aPR | |
| 100 | 1 | _aOrchard, Thomas Nathaniel | |
| 245 | 1 | 4 |
_aThe Astronomy of Milton's 'Paradise Lost' _h[electronic resource] / _cThomas Nathaniel Orchard |
| 260 |
_bProject Gutenberg, _c2009 |
||
| 506 | _aPublic domain in the USA. | ||
| 516 | _aElectronic text | ||
| 653 | _aEpic poetry, English -- History and criticism | ||
| 653 | _aMilton, John, 1608-1674. Paradise lost | ||
| 653 | _aAstronomy in literature | ||
| 653 | _aMilton, John, 1608-1674 -- Knowledge -- Astronomy | ||
| 830 | 0 |
_aProject Gutenberg _v28434 |
|
| 856 | 4 | 0 | _uhttp://www.gutenberg.org/ebooks/28434 |
| 942 | _cEB | ||
| 999 |
_c257689 _d257689 |
||